El desafío democrático : la transformación del Estado en el México postautoritario /

محفوظ في:
التفاصيل البيبلوغرافية
المؤلف الرئيسي: Cansino, César (autor)
مؤلفون آخرون: Muñoz Ledo, Porfirio (prólogo) (prólogo)
التنسيق: كتاب
اللغة:الإسبانية
منشور في: México : Centro de Estudios de Política Comparada, 2004, c2004
سلاسل:(Cuadernos de Metapolítica. México)
الموضوعات:
الوسوم: إضافة وسم
لا توجد وسوم, كن أول من يضع وسما على هذه التسجيلة!

MARC

LEADER 00000nam^a2200000^a^4500
001 000184466
005 20250624000000.0
009 20260310102116.044
020 |a 968-7825-06-5 
025 |a Donación sin dato, 1 ejemplar 
037 |a Acervo ITESO - Biblioteca 
041 |a ESP 
082 |a 320. 9720711  |b CAN 
100 |a Cansino, César  |e (autor) 
245 1 3 |a El desafío democrático :  |b la transformación del Estado en el México postautoritario /  |c C. Cansino ; pról. de P. Muñoz Ledo. 
264 4 |a México :  |b Centro de Estudios de Política Comparada,  |c 2004, c2004 
300 |a 103 p. 
336 |a texto  |b txt  |2 rdacontenido 
337 |a sin mediación  |b n  |2 rdamedio 
338 |a volumen  |b nc  |2 rdasoporte 
440 1 |a (Cuadernos de Metapolítica.  |p México) 
649 |a XX 
650 |a Transición Política -  |z México -  |x Historia -  |y 2000-2006 
650 |a Cambios Políticos -  |z México -  |x Historia 
650 |a Democratización -  |z México -  |x Historia 
650 |a Democracia -  |z México -  |x Historia 
650 |a Estado, El -  |z México -  |x Historia 
650 |a Política -  |z México -  |x Historia 
650 |a México -  |x Historia -  |y 1946-2000 
650 |a México -  |x Historia -  |y Siglo XX 
650 |a México -  |x Condiciones Políticas 
700 |a Muñoz Ledo, Porfirio  |e (prólogo) 
910 |a Fondo General 
920 |a Impresos - Libros 
930 |a Colección General 
905 |a 101 
901 |a 0500125257  |b IT1  |c ACC  |d DT  |i D  |u 20250624 
901 |a 0500140642  |b IT1  |c ACC  |d DT  |i D  |u 20250624 
902 |a https://opac.biblio.iteso.mx/vufind/Record/000184466